000 00504nam a22001697a 4500
005 20251108165257.0
008 250721s1984 xx 000 0 ara d
082 1 4 _a956.94/عبد
100 1 _aغنيم، عبد الرحمن
245 1 0 _aحول النشأة التاريخية للأيديولوجيا الصهيونية /
264 1 _aدمشق :
_bدار الجليل،
_c1984.
300 _a71ص
650 1 7 _aالصهيونية
650 1 7 _aاليهود
942 _2ddc
_cBK
999 _c23916
_d23916